Revenues and Costs in the Accounting of Public Administration Entities

Uložené v:
Podrobná bibliografia
Hlavný autor: Kordošová, Alena, 1970-
Médium: Kapitola
Jazyk:English
Predmet:
Tagy: Pridať tag
Žiadne tagy, Buďte prvý, kto otaguje tento záznam!

MARC

LEADER 00000naa$a2200000$$$4500
001 0305664
005 20250128095845.8
041 0 |a eng 
044 |a SK 
245 1 0 |a Revenues and Costs in the Accounting of Public Administration Entities  |c Alena Kordošová 
500 |a Abstrakt 
610 2 0 |a správa verejná 
610 2 0 |a účtovníctvo 
610 2 0 |a výnosy 
100 1 |a Kordošová, Alena, 1970-